000 00354 a2200133 4500
000 nam a22 7a 4500
100 _aReed, Dahlia
110 _aReed, Dahlia
245 _aFingerprinting and Criminal Identification
250 _aLatest edition
260 _bbrilliance publishing
_c2025
264 _bbrilliance publishing
_c2025
942 _cBK
999 _c394397
_d394397